Score 0/70 Timer 12:00
0 Plays Today
(201) Municipality % Correct
CityHackensack
93.4%
BoroughParamus
92.8%
VillageRidgewood
89.2%
TownshipTeaneck
87.3%
BoroughAlpine
87%
BoroughFort Lee
86.5%
CityEnglewood
86.2%
TownshipMahwah
84.7%
BoroughAllendale
83.4%
BoroughBergenfield
83.4%
BoroughSaddle River
83%
BoroughFair Lawn
82.2%
BoroughTenafly
82.2%
BoroughOradell
81.8%
BoroughUpper Saddle River
81.1%
BoroughRidgefield
80.9%
BoroughHo-Ho-Kus
80.5%
BoroughRamsey
80.4%
BoroughEast Rutherford
80.2%
BoroughEnglewood Cliffs
79.5%
BoroughRutherford
79.3%
CityGarfield
79%
TownshipWyckoff
78.9%
BoroughDemarest
78.7%
BoroughWestwood
78.7%
BoroughOakland
78.1%
BoroughCloster
77.8%
BoroughFranklin Lakes
77.8%
VillageRidgefield Park
77.8%
BoroughDumont
77.6%
BoroughLodi
76.4%
TownshipWashington Township
75.2%
BoroughBogota
75%
BoroughGlen Rock
74.8%
BoroughMontvale
74.7%
(201) Municipality % Correct
BoroughOld Tappan
74.4%
BoroughRiver Edge
73.8%
BoroughHasbrouck Heights
73.1%
BoroughLeonia
73.1%
BoroughCresskill
73%
BoroughEmerson
72.7%
BoroughPalisades Park
71.9%
BoroughEdgewater
71.7%
TownshipSouth Hackensack
71.4%
TownshipSaddle Brook
71.2%
BoroughCliffside Park
70.2%
BoroughTeterboro
69.9%
TownshipLyndhurst
69.3%
BoroughNew Milford
69.2%
TownshipRiver Vale
69.2%
BoroughElmwood Park
69%
BoroughHillsdale
68.7%
BoroughWaldwick
68.7%
BoroughCarlstadt
68.4%
BoroughNorthvale
68.3%
BoroughWood-Ridge
68.1%
BoroughPark Ridge
68%
BoroughWoodcliff Lake
68%
BoroughNorwood
66.7%
BoroughHaworth
66.6%
BoroughWallington
66.2%
BoroughMidland Park
65.7%
BoroughHarrington Park
65.5%
BoroughMaywood
64.7%
BoroughLittle Ferry
64.5%
BoroughMoonachie
64.2%
BoroughNorth Arlington
62.4%
BoroughFairview
60.4%
TownshipRochelle Park
58.9%
BoroughRockleigh
58.5%
Remove Ads.
Support Sporcle.
Get the best of Sporcle when you Go Orange. This ad-free experience offers more features, more stats, and more fun while also helping to support Sporcle. Thank you for becoming a member.

You're not logged in!

Compare scores with friends on all Sporcle quizzes.
OR
Log In

Show Comments

Extras

Top Quizzes Today


Score Distribution

Your Account Isn't Verified!

In order to create a playlist on Sporcle, you need to verify the email address you used during registration. Go to your Sporcle Settings to finish the process.

Report this User

Report this user for behavior that violates our Community Guidelines.

Details: